| 000 | 00388nam a2200121 4500 | ||
|---|---|---|---|
| 999 |
_c9816 _d9816 |
||
| 008 | 180718b ||||| |||| 00| 0 eng d | ||
| 100 |
_929062 _aEsteves, Patricia |
||
| 245 |
_aTeacher defies obstacles to help students become technology-savvy/ _cPatricia Esteves |
||
| 260 |
_aPhilippines _bThe Philippine Star _cc2016 |
||
| 300 | _apage 3. | ||
| 650 | 0 |
_929063 _aTechnology. |
|
| 942 |
_2ddc _cPER |
||